00543nam a2200193 a 450000100060000000300080000600500170001400800410003103500190007204000270009104100080011808200240012610000240015024500640017426000380023830000290027650400200030565000240032512694BD-RjUL20211208235337.0140129t1961 uk 001 0 eng d a(BD-RjUL)12744 aDLCbengcDLCdBD-RjUL aeng04216a620.1bHUI 19611 aHuddleston, John V.10aIntroduction to engineering mechanics /cby J.V. Huddleston aLondon :bAddison-Wesley,cc1961. a493 p. :bill. ;c24 cm. aincludes index.1 aMechanics, Applied.